[Event "25. Copenhagen Open  (Politiken Cup)"]
[Site "Copenhagen"]
[Date "2003.07.16"]
[Round "3"]
[White "Brasoy, Aksel"]
[Black "Jensen, Alexander Lindberg"]
[Result "0-1"]
[WhiteElo "1794"]
[BlackElo "1539"]
[PlyCount "88"]
[EventDate "2003.07.14"]
[EventType "swiss"]
[EventRounds "11"]
[EventCountry "DEN"]
[SourceDate "2004.01.01"]

1. e4 d5 2. exd5 Qxd5 3. Nc3 Qa5 4. d4 c6 5. Bc4 Bf5 6. Nf3 e6 7. Bd2 Nd7 8.
Qe2 Ngf6 9. O-O-O Bb4 10. a3 Bxc3 11. Bxc3 Qc7 12. Ne5 Nxe5 13. dxe5 Nd5 14.
Bd2 O-O-O 15. g4 Bg6 16. f4 h5 17. h3 hxg4 18. hxg4 Qd7 19. Rxh8 Rxh8 20. Bb4
a6 21. Qf2 Kb8 22. Bb3 Qd8 23. Bc4 Qh4 24. Bd6+ Ka8 25. Qf3 Qh3 26. Qxh3 Rxh3
27. Bf8 Rh2 28. Bb3 Rg2 29. c4 Nb6 30. Rd8+ Ka7 31. c5 Nd5 32. Bd6 b6 33. Bxd5
cxd5 34. c6 Rc2+ 35. Kb1 Rxc6+ 36. f5 exf5 37. Rd7+ Ka8 38. Re7 fxg4+ 39. Ka2
a5 40. a4 d4 41. Rd7 Bf5 42. Rd8+ Rc8 43. Rxc8+ Bxc8 44. Kb3 g3 0-1

[Event "25. Copenhagen Open  (Politiken Cup)"]
[Site "Copenhagen"]
[Date "2003.07.16"]
[Round "3"]
[White "Brinck Claussen, Bjorn"]
[Black "Sakaev, Konstantin"]
[Result "0-1"]
[WhiteElo "2355"]
[BlackElo "2655"]
[PlyCount "66"]
[EventDate "2003.07.14"]
[EventType "swiss"]
[EventRounds "11"]
[EventCountry "DEN"]
[SourceDate "2004.01.01"]

1. e4 c5 2. Nf3 d6 3. d4 cxd4 4. Nxd4 Nf6 5. Nc3 a6 6. Bg5 e6 7. f4 Qc7 8. f5
Be7 9. fxe6 fxe6 10. Qd3 Nc6 11. Be2 Nxd4 12. Qxd4 O-O 13. O-O b5 14. e5 dxe5
15. Qh4 Bb7 16. Bd3 Qc6 17. Qh3 Bc5+ 18. Kh1 e4 19. Bxf6 exd3 20. Bxg7 Qxg2+
21. Qxg2 Bxg2+ 22. Kxg2 Kxg7 23. cxd3 Bd4 24. a3 Rac8 25. Rac1 Rxf1 26. Rxf1
Rc5 27. Rc1 a5 28. Kf3 b4 29. axb4 axb4 30. Ke4 e5 31. Ne2 Rxc1 32. Nxc1 Bxb2
33. Nb3 Kf6 0-1

[Event "25. Copenhagen Open  (Politiken Cup)"]
[Site "Copenhagen"]
[Date "2003.07.16"]
[Round "3"]
[White "Bromann, Thorbjorn"]
[Black "Tidman, Sophie E"]
[Result "1-0"]
[WhiteElo "2360"]
[BlackElo "2126"]
[PlyCount "45"]
[EventDate "2003.07.14"]
[EventType "swiss"]
[EventRounds "11"]
[EventCountry "DEN"]
[SourceDate "2004.01.01"]

1. Nc3 Nf6 2. e4 d6 3. d4 c5 4. d5 g6 5. Bg5 Bg7 6. f4 h6 7. Bh4 Qa5 8. Qd2 O-O
9. Bd3 a6 10. Nf3 b5 11. e5 dxe5 12. fxe5 Ng4 13. O-O g5 14. Bxg5 hxg5 15. Qxg5
Qb6 16. d6 c4+ 17. Kh1 Be6 18. Bf5 Bxf5 19. Nd5 Qd8 20. Nxe7+ Kh8 21. Qxf5 Nh6
22. Qe4 Nd7 23. Ng5 1-0

[Event "25. Copenhagen Open  (Politiken Cup)"]
[Site "Copenhagen"]
[Date "2003.07.16"]
[Round "3"]
[White "Brondum, Eric"]
[Black "Spanton, Timothy"]
[Result "1/2-1/2"]
[WhiteElo "2198"]
[BlackElo "2021"]
[PlyCount "76"]
[EventDate "2003.07.14"]
[EventType "swiss"]
[EventRounds "11"]
[EventCountry "DEN"]
[SourceDate "2004.01.01"]

1. Nf3 c5 2. g3 Nc6 3. c4 g6 4. Bg2 Bg7 5. Nc3 d6 6. O-O e6 7. e3 Nge7 8. d4
O-O 9. b3 cxd4 10. exd4 Nf5 11. Ne2 Qb6 12. Bb2 a5 13. g4 Nfe7 14. Rc1 Rd8 15.
Qd2 a4 16. Qe3 e5 17. h3 f5 18. c5 dxc5 19. dxc5 Qc7 20. bxa4 h6 21. Rfd1 fxg4
22. Rxd8+ Qxd8 23. hxg4 Bxg4 24. Nxe5 Nxe5 25. Bxe5 Bxe5 26. Qxe5 Nc6 27. Qd5+
Kg7 28. Rb1 Ra7 29. Nc3 Bf5 30. Qxd8 Nxd8 31. Rb6 Kf7 32. Bd5+ Ke7 33. Bb3 Ra5
34. Nb5 Be4 35. Rd6 h5 36. Kh2 Ra6 37. Kg3 Rxd6 38. Nxd6 Bc6 1/2-1/2

[Event "25. Copenhagen Open  (Politiken Cup)"]
[Site "Copenhagen"]
[Date "2003.07.16"]
[Round "3"]
[White "Brondum, Jan Kraul"]
[Black "Nielsen, Thomas"]
[Result "0-1"]
[WhiteElo "1569"]
[BlackElo "2028"]
[PlyCount "86"]
[EventDate "2003.07.14"]
[EventType "swiss"]
[EventRounds "11"]
[EventCountry "DEN"]
[SourceDate "2004.01.01"]

1. e4 c6 2. c3 d5 3. Qe2 dxe4 4. Qxe4 Nf6 5. Qe2 Bf5 6. d4 e6 7. Nf3 Nbd7 8. g3
Qa5 9. Bg2 Bxb1 10. Rxb1 Qxa2 11. Qc2 Qa6 12. Be3 Nd5 13. Bf1 Qa5 14. Bg2 c5
15. O-O Qc7 16. Bd2 c4 17. Ng5 N5f6 18. Rfe1 Bd6 19. d5 e5 20. b4 O-O 21. Ra1
h6 22. Nh3 a6 23. Qf5 Rfe8 24. Re2 g6 25. Qc2 Kg7 26. Rae1 a5 27. bxa5 Nc5 28.
Rb1 Qxa5 29. Rb4 b5 30. Rb1 Nd3 31. Kf1 Reb8 32. f4 Qa2 33. Qxa2 Rxa2 34. fxe5
Bxe5 35. Bxh6+ Kxh6 36. Rxa2 Bxc3 37. Ra7 Ng4 38. Rxf7 Ne3+ 39. Kg1 Bd4 40. Kh1
Nxg2 41. Kxg2 c3 42. Rc7 b4 43. Rb3 Nc5 0-1

[Event "25. Copenhagen Open  (Politiken Cup)"]
[Site "Copenhagen"]
[Date "2003.07.16"]
[Round "3"]
[White "Carstensen, Jacob"]
[Black "Nyback, Tomi"]
[Result "1/2-1/2"]
[WhiteElo "2275"]
[BlackElo "2483"]
[PlyCount "84"]
[EventDate "2003.07.14"]
[EventType "swiss"]
[EventRounds "11"]
[EventCountry "DEN"]
[SourceDate "2004.01.01"]

1. d4 Nf6 2. c4 c5 3. d5 b5 4. a4 Qa5+ 5. Bd2 b4 6. Qc2 d6 7. e4 g6 8. f4 Bg7
9. Bd3 O-O 10. h3 e5 11. fxe5 dxe5 12. g4 Ne8 13. Ne2 Na6 14. b3 Qd8 15. Be3 f5
16. gxf5 gxf5 17. Nd2 Nd6 18. O-O-O Qh4 19. Rdf1 f4 20. Bf2 Qe7 21. Kb1 Bf6 22.
Nc1 Kh8 23. Be2 Nf7 24. Nd3 Bd7 25. Bg4 Bxg4 26. hxg4 Rg8 27. Qd1 Rg6 28. Rh5
Rag8 29. Rfh1 h6 30. Nf3 Kg7 31. Qg1 Kh7 32. Bxc5 Nxc5 33. Qxc5 Qd7 34. Ndxe5
Nxe5 35. Nxe5 Bxe5 36. Rxe5 Qxg4 37. Re7+ R8g7 38. Rxg7+ Rxg7 39. d6 Qf3 40.
Qf5+ Rg6 41. Qf7+ Rg7 42. Qf5+ Rg6 1/2-1/2

[Event "25. Copenhagen Open  (Politiken Cup)"]
[Site "Copenhagen"]
[Date "2003.07.16"]
[Round "3"]
[White "Christensen, Christian"]
[Black "Andersen, Bjarne Hjorth"]
[Result "1-0"]
[WhiteElo "2113"]
[BlackElo "1807"]
[PlyCount "81"]
[EventDate "2003.07.14"]
[EventType "swiss"]
[EventRounds "11"]
[EventCountry "DEN"]
[SourceDate "2004.01.01"]

1. Nf3 Nf6 2. c4 g6 3. Nc3 Bg7 4. e4 d6 5. d4 O-O 6. Be2 e5 7. O-O Nc6 8. d5
Ne7 9. b4 h6 10. c5 Ne8 11. Nd2 f5 12. Ba3 fxe4 13. Ndxe4 Nf6 14. cxd6 cxd6 15.
b5 Ne8 16. Bb4 Nf5 17. Bg4 Qb6 18. Rb1 Kh7 19. a4 Qd4 20. Qe2 a5 21. bxa6 bxa6
22. Ba5 Qa7 23. Qa2 Rf7 24. Rb6 Rb8 25. Rfb1 Rfb7 26. Rxb7 Rxb7 27. Rxb7 Qxb7
28. Qb1 Qxb1+ 29. Nxb1 Bf8 30. Kf1 Kg7 31. Ke1 Bb7 32. Nbc3 Be7 33. Kd2 Nf6 34.
Nxf6 Bxf6 35. Kd3 Be7 36. Kc4 Kf6 37. Ne4+ Kg7 38. Bc7 Bc8 39. Bd1 Bd7 40. g4
Nd4 41. f4 1-0

[Event "25. Copenhagen Open  (Politiken Cup)"]
[Site "Copenhagen"]
[Date "2003.07.16"]
[Round "3"]
[White "Christensen, Henrik"]
[Black "Busk, Casper"]
[Result "1-0"]
[WhiteElo "1802"]
[BlackElo "2126"]
[PlyCount "39"]
[EventDate "2003.07.14"]
[EventType "swiss"]
[EventRounds "11"]
[EventCountry "DEN"]
[SourceDate "2004.01.01"]

1. e4 c5 2. Nf3 d6 3. d4 cxd4 4. Nxd4 Nf6 5. Nc3 a6 6. Bg5 e6 7. f4 Qb6 8. Qd2
Qxb2 9. Nb3 Qa3 10. Bxf6 gxf6 11. Be2 Nc6 12. O-O Be7 13. Kh1 b5 14. Bh5 O-O
15. Rf3 Bb7 16. Rh3 Kh8 17. f5 exf5 18. Qh6 Rg8 19. Bg6 Rg7 20. Bxh7 1-0

[Event "25. Copenhagen Open  (Politiken Cup)"]
[Site "Copenhagen"]
[Date "2003.07.16"]
[Round "3"]
[White "Christensen, Tobias"]
[Black "Simonsen, Hans Kristian"]
[Result "1/2-1/2"]
[WhiteElo "2371"]
[BlackElo "2233"]
[PlyCount "37"]
[EventDate "2003.07.14"]
[EventType "swiss"]
[EventRounds "11"]
[EventCountry "DEN"]
[SourceDate "2004.01.01"]

1. g3 Nf6 2. Bg2 d5 3. d3 Nc6 4. Nd2 e5 5. c3 Be7 6. Qa4 O-O 7. Ngf3 Bd7 8. O-O
Nd4 9. Qd1 Nxf3+ 10. Nxf3 Bd6 11. Bg5 c6 12. Qb3 Qb6 13. Qxb6 axb6 14. Nd2 Ng4
15. d4 exd4 16. cxd4 h6 17. Bf4 Bxf4 18. gxf4 Bf5 19. a3 1/2-1/2

[Event "25. Copenhagen Open  (Politiken Cup)"]
[Site "Copenhagen"]
[Date "2003.07.16"]
[Round "3"]
[White "Christoffersen, Ebbe"]
[Black "Lisdorf, Bjorn"]
[Result "1-0"]
[WhiteElo "1737"]
[BlackElo "1398"]
[PlyCount "85"]
[EventDate "2003.07.14"]
[EventType "swiss"]
[EventRounds "11"]
[EventCountry "DEN"]
[SourceDate "2004.01.01"]

1. e4 e5 2. Nf3 Nf6 3. Nxe5 d6 4. Nf3 Nxe4 5. d3 Nf6 6. Bg5 Bg4 7. Qe2+ Qe7 8.
Bxf6 gxf6 9. Nbd2 Qxe2+ 10. Bxe2 Bh6 11. h3 Be6 12. Ne4 Nd7 13. Nd4 O-O-O 14.
Ng3 a6 15. Ngf5 Bf8 16. O-O-O c5 17. Nxe6 fxe6 18. Ng3 Bh6+ 19. Kb1 Rhe8 20.
Rhe1 Rg8 21. Bg4 f5 22. Rxe6 fxg4 23. Rxh6 Ne5 24. Nf5 Kc7 25. Rxh7+ Rd7 26.
Rxd7+ Kxd7 27. hxg4 Rxg4 28. Ne3 Rf4 29. Rf1 b5 30. g3 Rf3 31. Kc1 b4 32. Kd2
Nc6 33. c3 a5 34. Ke2 Rf7 35. f4 a4 36. a3 b3 37. Nd5 Ke6 38. Nb6 Ra7 39. Kf3
d5 40. Re1+ Kf5 41. g4+ Kf6 42. Nxd5+ Kg6 43. Re6+ 1-0

[Event "25. Copenhagen Open  (Politiken Cup)"]
[Site "Copenhagen"]
[Date "2003.07.16"]
[Round "3"]
[White "Draeger, Michael"]
[Black "Trarup, Jorgen"]
[Result "1/2-1/2"]
[WhiteElo "1702"]
[BlackElo "1360"]
[PlyCount "119"]
[EventDate "2003.07.14"]
[EventType "swiss"]
[EventRounds "11"]
[EventCountry "DEN"]
[SourceDate "2004.01.01"]

1. e4 c5 2. Nf3 Nc6 3. Nc3 e6 4. d4 cxd4 5. Nxd4 g6 6. Bb5 Bg7 7. Bxc6 bxc6 8.
O-O Ne7 9. Bg5 O-O 10. Qd2 Re8 11. Kh1 Qa5 12. Nb3 Bxc3 13. bxc3 Qe5 14. f4
Qxe4 15. Rae1 Qd5 16. Qc1 Nf5 17. Re5 Qc4 18. Rc5 Qa6 19. Ra5 Qb6 20. Re1 Qf2
21. Rf1 Qe2 22. Re5 Qc4 23. Rc5 Qa6 24. Ra5 Qb6 25. Re1 Bb7 26. Qd2 d6 27. c4
c5 28. Rb5 Qc7 29. Na5 Ba6 30. Rb3 Nd4 31. Rb2 Rab8 32. Reb1 Rxb2 33. Rxb2 Rb8
34. Rxb8+ Qxb8 35. h4 Qb1+ 36. Kh2 Qxc2 37. Qxc2 Nxc2 38. Be7 d5 39. cxd5 exd5
40. Bxc5 Bc4 41. Nxc4 dxc4 42. Bxa7 Nb4 43. a4 c3 44. Be3 c2 45. a5 Kf8 46. Bc1
Ke8 47. Kg3 Kd7 48. Kg4 Nd3 49. Be3 c1=Q 50. Bxc1 Nxc1 51. f5 Nd3 52. fxg6 hxg6
53. h5 gxh5+ 54. Kxh5 Nf4+ 55. Kg5 Nd5 56. a6 Ke6 57. a7 f6+ 58. Kg4 f5+ 59.
Kf3 Nc7 60. Kf4 1/2-1/2

[Event "25. Copenhagen Open  (Politiken Cup)"]
[Site "Copenhagen"]
[Date "2003.07.16"]
[Round "3"]
[White "Duijker, Bert"]
[Black "Pedersen, Thomas"]
[Result "1/2-1/2"]
[WhiteElo "2018"]
[BlackElo "1671"]
[PlyCount "120"]
[EventDate "2003.07.14"]
[EventType "swiss"]
[EventRounds "11"]
[EventCountry "DEN"]
[SourceDate "2004.01.01"]

1. Nf3 f5 2. d4 g6 3. c4 Bg7 4. g3 Nf6 5. Bg2 d6 6. O-O O-O 7. Nc3 Qe8 8. d5
Na6 9. Rb1 Bd7 10. b4 c5 11. dxc6 Bxc6 12. Qb3 Ne4 13. Bb2 e5 14. Rfd1 Rd8 15.
c5+ Qf7 16. Qxf7+ Rxf7 17. a3 Nxc3 18. Bxc3 Bxf3 19. exf3 Rfd7 20. cxd6 Rxd6
21. Rxd6 Rxd6 22. Bf1 Nc7 23. Re1 Ne6 24. Bxe5 Bxe5 25. Rxe5 Nd4 26. Kg2 Kf8
27. Rc5 Rd7 28. a4 Kg7 29. b5 Kf6 30. f4 Kg7 31. h3 h5 32. Bc4 Kf6 33. Rd5 Rxd5
34. Bxd5 b6 35. f3 Nc2 36. Kf2 Nd4 37. Ke3 Ne6 38. Bb3 Nc5 39. Bc2 Ke7 40. Kd4
Ke6 41. Kc4 Nb7 42. g4 Nc5 43. a5 Nb7 44. a6 Nc5 45. Kd4 h4 46. Bd1 Kd6 47. Kc4
Ke6 48. Bc2 Nd7 49. Bb3 Nc5 50. Ba2 Kd6 51. Kd4 Ne6+ 52. Ke3 Ke7 53. Bc4 Nc5
54. Kd4 Kd6 55. Bf7 Ne6+ 56. Ke3 Nf8 57. Be8 Ke7 58. Bc6 Ne6 59. Bb7 Kf7 60.
Bd5 Ke7 1/2-1/2

[Event "25. Copenhagen Open  (Politiken Cup)"]
[Site "Copenhagen"]
[Date "2003.07.16"]
[Round "3"]
[White "Edvardsen, Ingar"]
[Black "Christensen, Christoffer"]
[Result "1-0"]
[WhiteElo "1156"]
[BlackElo "1599"]
[PlyCount "105"]
[EventDate "2003.07.14"]
[EventType "swiss"]
[EventRounds "11"]
[EventCountry "DEN"]
[SourceDate "2004.01.01"]

1. e4 e5 2. Nf3 Nc6 3. d4 exd4 4. Bc4 Bc5 5. O-O d6 6. c3 Ne5 7. Nxe5 dxe5 8.
Qb3 Qe7 9. f4 Be6 10. fxe5 dxc3+ 11. Kh1 Bxc4 12. Qxc4 c2 13. Qxc2 Qxe5 14. Rf5
Qd6 15. Rxc5 O-O-O 16. Rd5 Qa6 17. Rxd8+ Kxd8 18. Qd1+ Ke7 19. Nc3 c6 20. e5 f6
21. Qd6+ Kf7 22. e6+ Kg6 23. Be3 Nh6 24. Bxh6 Kxh6 25. Qd7 Qb6 26. Qd2+ g5 27.
e7 Qc7 28. Re1 Re8 29. Qd4 Kg7 30. Re6 Qf4 31. Qxf4 gxf4 32. Ne4 Kf7 33. Rxf6+
Kxe7 34. Rxf4 Rd8 35. h3 Rd1+ 36. Kh2 Ra1 37. Nc3 b5 38. Kg3 a5 39. a3 Rc1 40.
Rf2 b4 41. axb4 axb4 42. Na2 Rc4 43. Rf4 Rxf4 44. Kxf4 c5 45. Ke4 Kd6 46. g4
Kc6 47. b3 Kb5 48. h4 Ka5 49. h5 c4 50. bxc4 b3 51. Nc3 Kb4 52. Kd4 h6 53. g5
1-0

[Event "25. Copenhagen Open  (Politiken Cup)"]
[Site "Copenhagen"]
[Date "2003.07.16"]
[Round "3"]
[White "Edvardsen, Ragnar"]
[Black "Liden, Jimmy"]
[Result "0-1"]
[WhiteElo "2092"]
[BlackElo "1530"]
[PlyCount "118"]
[EventDate "2003.07.14"]
[EventType "swiss"]
[EventRounds "11"]
[EventCountry "DEN"]
[SourceDate "2004.01.01"]

1. e4 c5 2. Nf3 e6 3. d4 cxd4 4. Nxd4 Nc6 5. Nc3 Nf6 6. Nxc6 bxc6 7. e5 Nd5 8.
Ne4 Qc7 9. f4 Be7 10. Be2 O-O 11. c4 Bb4+ 12. Bd2 Ne3 13. Qc1 Nxg2+ 14. Kf2
Bxd2 15. Qxd2 Nh4 16. Rag1 Kh8 17. Rg4 Nf5 18. Rhg1 Rb8 19. b3 Qb6+ 20. c5 Qb4
21. Qd3 Ba6 22. Qxa6 Qd4+ 23. Ke1 Qxe4 24. Qd3 Qb4+ 25. Kf1 Qxc5 26. Rg5 Qc1+
27. Kg2 Qxf4 28. Kh1 Qxe5 29. Bf3 d5 30. Qf1 g6 31. Qh3 Qg7 32. Be2 Rb4 33. Bd3
Rh4 34. Qg2 Rg8 35. Bxf5 exf5 36. Qf2 Qh6 37. Qb2+ d4 38. R5g2 Qe3 39. Qc2 Qe4
40. Qf2 Rg4 41. h3 Rxg2 42. Rxg2 Re8 43. Qb2 Qe1+ 44. Kh2 Qc3 45. Qa3 c5 46.
Qxa7 Re3 47. Qb8+ Kg7 48. Kg1 Qe1+ 49. Kh2 Re2 50. Rxe2 Qxe2+ 51. Kg3 f4+ 52.
Qxf4 d3 53. h4 d2 54. h5 Qd3+ 55. Kf2 d1=Q 56. Qe5+ Kh6 57. Qf4+ g5 58. Qf6+
Kxh5 59. Qxf7+ Qg6 0-1

[Event "25. Copenhagen Open  (Politiken Cup)"]
[Site "Copenhagen"]
[Date "2003.07.16"]
[Round "3"]
[White "Eiholt, Bjarne"]
[Black "Norton, Craig"]
[Result "0-1"]
[WhiteElo "1690"]
[BlackElo "2127"]
[PlyCount "64"]
[EventDate "2003.07.14"]
[EventType "swiss"]
[EventRounds "11"]
[EventCountry "DEN"]
[SourceDate "2004.01.01"]

1. d4 Nf6 2. c4 e6 3. Nc3 Bb4 4. Qc2 O-O 5. Nf3 b6 6. Bg5 Bb7 7. Rd1 h6 8. Bh4
d5 9. e3 Nbd7 10. Ne5 Be7 11. cxd5 Nxe5 12. dxe5 Nxd5 13. Bxe7 Qxe7 14. Nxd5
Bxd5 15. Bd3 Qb4+ 16. Qc3 Qxc3+ 17. bxc3 Rfd8 18. O-O Bxa2 19. Rd2 Bc4 20. Rfd1
Rxd3 21. Rxd3 Bxd3 22. Rxd3 Kf8 23. Rd7 Rc8 24. h4 Ke8 25. Rd4 Rd8 26. Rg4 Kf8
27. Kf1 Rd2 28. Ke1 Rc2 29. Rc4 c5 30. g4 Ke7 31. f4 Rh2 32. h5 Rh4 0-1

[Event "25. Copenhagen Open  (Politiken Cup)"]
[Site "Copenhagen"]
[Date "2003.07.16"]
[Round "3"]
[White "Fogh, Jens Olaf Svanholm"]
[Black "Agustsson, Hafsteinn"]
[Result "1-0"]
[WhiteElo "1568"]
[BlackElo "1929"]
[PlyCount "57"]
[EventDate "2003.07.14"]
[EventType "swiss"]
[EventRounds "11"]
[EventCountry "DEN"]
[SourceDate "2004.01.01"]

1. e4 c5 2. Nf3 Nc6 3. d4 cxd4 4. Nxd4 Nf6 5. Nc3 d6 6. Be3 e5 7. Nf3 Be7 8.
Bc4 Be6 9. Bb3 O-O 10. O-O Na5 11. Qe2 Nxb3 12. axb3 a6 13. Rfd1 Rc8 14. Nxe5
Qc7 15. Nf3 Bg4 16. Rd4 Rfe8 17. Rad1 d5 18. exd5 Bc5 19. Rc4 Bxf3 20. Qxf3 Qe5
21. Re1 b5 22. Rf4 b4 23. Rf5 Qe7 24. Nd1 Bd4 25. Re2 g6 26. Rf4 Be5 27. Rc4
Nxd5 28. Bd4 Bxh2+ 29. Kxh2 1-0

[Event "25. Copenhagen Open  (Politiken Cup)"]
[Site "Copenhagen"]
[Date "2003.07.16"]
[Round "3"]
[White "Frank Nielsen, Marie"]
[Black "Klitgaard, Thomas"]
[Result "0-1"]
[WhiteElo "1629"]
[BlackElo "2098"]
[PlyCount "60"]
[EventDate "2003.07.14"]
[EventType "swiss"]
[EventRounds "11"]
[EventCountry "DEN"]
[SourceDate "2004.01.01"]

1. e4 e5 2. d4 exd4 3. Nf3 Nc6 4. Bc4 Nf6 5. O-O Nxe4 6. Re1 d5 7. Bxd5 Qxd5 8.
Nc3 Qh5 9. Nxe4 Be6 10. Bg5 h6 11. Bf6 Qg6 12. Bxd4 O-O-O 13. c3 Bd5 14. Nh4
Qh7 15. Nc5 Nxd4 16. cxd4 Bd6 17. Rc1 Kb8 18. Rc3 Rhe8 19. Nd7+ Kc8 20. Nc5 f5
21. Rxe8 Rxe8 22. Rc1 g5 23. Qa4 Qe7 24. Nf3 Kb8 25. Qa5 Bxf3 26. gxf3 g4 27.
Qa4 Bxc5 28. dxc5 gxf3 29. Kf1 Qe2+ 30. Kg1 Qe1+ 0-1

[Event "25. Copenhagen Open  (Politiken Cup)"]
[Site "Copenhagen"]
[Date "2003.07.16"]
[Round "3"]
[White "Glud, Jakob Vang"]
[Black "De Andres Gonalons, Fernando"]
[Result "1/2-1/2"]
[WhiteElo "2173"]
[BlackElo "2112"]
[PlyCount "115"]
[EventDate "2003.07.14"]
[EventType "swiss"]
[EventRounds "11"]
[EventCountry "DEN"]
[SourceDate "2004.01.01"]

1. e4 e6 2. d4 d5 3. Nd2 Nf6 4. e5 Nfd7 5. Bd3 c5 6. c3 Nc6 7. Ne2 Qb6 8. Nf3
cxd4 9. cxd4 f6 10. exf6 Nxf6 11. O-O Bd6 12. b3 O-O 13. Bf4 Qc7 14. Bxd6 Qxd6
15. Qd2 e5 16. dxe5 Nxe5 17. Nxe5 Qxe5 18. Qf4 Qxf4 19. Nxf4 g5 20. Ne2 Bd7 21.
Rac1 Rac8 22. Nd4 Rfe8 23. Rfd1 Kf7 24. Kf1 a6 25. Bf5 Bxf5 26. Nxf5 Rxc1 27.
Rxc1 Kg6 28. Nd4 Re7 29. f3 g4 30. Rc3 gxf3 31. Nxf3 Ne4 32. Rd3 Nf6 33. Nd4
Rc7 34. Ke2 Rc1 35. a3 Ne4 36. Ne6 Kf5 37. Nd8 Ke5 38. Nxb7 Rc2+ 39. Kf1 Rf2+
40. Ke1 Rxg2 41. h3 d4 42. Na5 Rg1+ 43. Ke2 Nc3+ 44. Kf2 Rg6 45. Rf3 Ke4 46.
Rf7 Rh6 47. Nb7 Rxh3 48. Nc5+ Ke5 49. Nxa6 Ne4+ 50. Kg2 Rg3+ 51. Kh2 Rxb3 52.
Re7+ Kf5 53. Rxh7 Rxa3 54. Rd7 Ke5 55. Nb4 Ra4 56. Nc6+ Ke6 57. Rxd4 Rxd4 58.
Nxd4+ 1/2-1/2

[Event "25. Copenhagen Open  (Politiken Cup)"]
[Site "Copenhagen"]
[Date "2003.07.16"]
[Round "3"]
[White "Gregusson, Magnus Albert"]
[Black "Frisk, Hans"]
[Result "1/2-1/2"]
[WhiteElo "1500"]
[BlackElo "1980"]
[PlyCount "109"]
[EventDate "2003.07.14"]
[EventType "swiss"]
[EventRounds "11"]
[EventCountry "DEN"]
[SourceDate "2004.01.01"]

1. h3 e5 2. e3 d5 3. b3 Nf6 4. Bb2 Nbd7 5. g3 Bd6 6. Bg2 c6 7. Ne2 O-O 8. d3
Nc5 9. c4 Bf5 10. O-O Nxd3 11. Bc3 dxc4 12. bxc4 e4 13. Nf4 Ne5 14. c5 Bc7 15.
Nd2 Qe7 16. Bd4 b5 17. g4 g5 18. gxf5 gxf4 19. exf4 Ned7 20. Nxe4 Bxf4 21. Re1
Nxe4 22. Rxe4 Be5 23. f4 Bxd4+ 24. Rxd4 Qe3+ 25. Kh1 Nxc5 26. Rc1 Nb7 27. Re4
Qg3 28. Rxc6 Rad8 29. Qc2 Rfe8 30. Rc3 Qh4 31. Kh2 Nd6 32. Rg3+ Kf8 33. Rg4 Qf6
34. Rxe8+ Rxe8 35. Qc5 Rc8 36. Qxa7 Nxf5 37. Qb7 Nd6 38. Qd5 Rc2 39. Qb3 Qb2
40. Qg3 Qxa2 41. f5 Rxg2+ 42. Qxg2 Qxg2+ 43. Rxg2 Nxf5 44. Rb2 Nd6 45. Kg3 f6
46. Kg4 Kf7 47. Kh5 f5 48. Kh6 Kf6 49. h4 f4 50. Kxh7 Nf5 51. h5 f3 52. Rxb5 f2
53. Rb1 Ng3 54. h6 Kf7 55. Rb7+ 1/2-1/2

[Event "25. Copenhagen Open  (Politiken Cup)"]
[Site "Copenhagen"]
[Date "2003.07.16"]
[Round "3"]
[White "Grove, Peter"]
[Black "Nielsen, Poul Bang"]
[Result "0-1"]
[WhiteElo "1577"]
[BlackElo "1100"]
[PlyCount "74"]
[EventDate "2003.07.14"]
[EventType "swiss"]
[EventRounds "11"]
[EventCountry "DEN"]
[SourceDate "2004.01.01"]

1. e4 c5 2. Nf3 Nc6 3. d4 cxd4 4. Nxd4 e5 5. Nb5 d6 6. N1c3 a6 7. Na3 b5 8. Nd5
Nf6 9. Bg5 Be7 10. Bxf6 Bxf6 11. Qd2 O-O 12. Nxf6+ Qxf6 13. O-O-O Rd8 14. Bd3
Be6 15. f3 Rac8 16. Kb1 Nd4 17. c3 Nc6 18. Nc2 d5 19. exd5 Bxd5 20. Ne3 Bc4 21.
Qe2 Rxd3 22. Nxc4 Rxd1+ 23. Rxd1 bxc4 24. Qxc4 Qf5+ 25. Ka1 Qc2 26. Qf1 Rb8 27.
Rb1 a5 28. Qa6 Qa4 29. Qe2 Qb5 30. Qe4 a4 31. b3 axb3 32. axb3 Qa5+ 33. Kb2 Qb6
34. Qc2 Na5 35. b4 Nc4+ 36. Kb3 Qe6 37. Ka4 Ra8+ 0-1

[Event "25. Copenhagen Open  (Politiken Cup)"]
[Site "Copenhagen"]
[Date "2003.07.16"]
[Round "3"]
[White "Grubert, Christian"]
[Black "Egeland, Marte"]
[Result "1-0"]
[WhiteElo "2168"]
[BlackElo "1990"]
[PlyCount "67"]
[EventDate "2003.07.14"]
[EventType "swiss"]
[EventRounds "11"]
[EventCountry "DEN"]
[SourceDate "2004.01.01"]

1. e4 d5 2. exd5 Nf6 3. Nc3 Nxd5 4. Bc4 Nb6 5. Bb3 Bf5 6. Qf3 e6 7. g4 Bg6 8.
h4 h5 9. g5 Nc6 10. Nge2 Bc5 11. d3 Ne5 12. Qg3 Ng4 13. Be3 Nxe3 14. fxe3 Qd7
15. Nf4 Bf5 16. O-O-O O-O-O 17. Ne4 Bd6 18. Nxd6+ cxd6 19. g6 e5 20. Nxh5 Rxh5
21. gxf7 Rhh8 22. Qxg7 Rdf8 23. Rhg1 Be6 24. Rdf1 Bxb3 25. axb3 Qe7 26. Qxh8
Rxh8 27. Rg8+ Qf8 28. Rxh8 Nd7 29. Rxf8+ Nxf8 30. h5 Kd7 31. Rh1 Nh7 32. Rf1
Nf8 33. d4 exd4 34. exd4 1-0

[Event "25. Copenhagen Open  (Politiken Cup)"]
[Site "Copenhagen"]
[Date "2003.07.16"]
[Round "3"]
[White "Hagesaether, Arne"]
[Black "Nielsen, Erik"]
[Result "1-0"]
[WhiteElo "2088"]
[BlackElo "1389"]
[PlyCount "51"]
[EventDate "2003.07.14"]
[EventType "swiss"]
[EventRounds "11"]
[EventCountry "DEN"]
[SourceDate "2004.01.01"]

1. e4 c5 2. Nf3 Nc6 3. d4 cxd4 4. Nxd4 d6 5. Nc3 Nf6 6. Bg5 e6 7. Qd2 Be7 8.
Be2 h6 9. Be3 a6 10. f4 O-O 11. O-O-O Kh7 12. g4 Nxd4 13. Qxd4 e5 14. fxe5 Nxg4
15. Bxg4 Bxg4 16. Rd3 Qe8 17. exd6 Bf6 18. Qd5 Bxc3 19. Rxc3 Bf3 20. Qf5+ g6
21. Qxf3 Qe6 22. Qf4 g5 23. Qf5+ Qxf5 24. exf5 Rfe8 25. d7 Red8 26. Rd1 1-0

[Event "25. Copenhagen Open  (Politiken Cup)"]
[Site "Copenhagen"]
[Date "2003.07.16"]
[Round "3"]
[White "Hagesaether, Torill"]
[Black "Bohlke, Christian"]
[Result "0-1"]
[WhiteElo "2051"]
[BlackElo "2205"]
[PlyCount "48"]
[EventDate "2003.07.14"]
[EventType "swiss"]
[EventRounds "11"]
[EventCountry "DEN"]
[SourceDate "2004.01.01"]

1. e4 e6 2. d4 d5 3. exd5 exd5 4. Bd3 Nc6 5. c3 Bd6 6. Nf3 Bg4 7. O-O Nge7 8.
h3 Bh5 9. Re1 Qd7 10. Nbd2 f6 11. Qc2 O-O-O 12. b4 g5 13. b5 Nb8 14. a4 Rdg8
15. Ba3 g4 16. Nh4 Bxa3 17. Rxa3 gxh3 18. g3 Qd6 19. Bf5+ Kd8 20. Nb1 Rxg3+ 21.
fxg3 Qxg3+ 22. Kf1 h2 23. Qg2 Qxh4 24. Bh3 Qf4+ 0-1

[Event "25. Copenhagen Open  (Politiken Cup)"]
[Site "Copenhagen"]
[Date "2003.07.16"]
[Round "3"]
[White "Hansen, Alexei"]
[Black "Bekker Jensen, Dorte"]
[Result "1-0"]
[WhiteElo "1973"]
[BlackElo "1593"]
[PlyCount "93"]
[EventDate "2003.07.14"]
[EventType "swiss"]
[EventRounds "11"]
[EventCountry "DEN"]
[SourceDate "2004.01.01"]

1. e4 c5 2. Nf3 d6 3. d4 cxd4 4. Nxd4 Nf6 5. Nc3 a6 6. Rg1 e5 7. Nb3 Be6 8. g4
d5 9. exd5 Nxd5 10. Nxd5 Qxd5 11. Qe2 Qd6 12. Be3 Nd7 13. Bg2 O-O-O 14. Qf3 Qc7
15. O-O-O h6 16. Na5 Kb8 17. Qxb7+ Qxb7 18. Bxb7 Kc7 19. Rd3 Bb4 20. Nc6 Kxb7
21. Nxb4 Rc8 22. Ra3 Bc4 23. Rd1 Rhd8 24. Nd3 f6 25. h3 Bb5 26. h4 Bc6 27. Rc3
Bf3 28. Rxc8 Rxc8 29. Rg1 Rc4 30. b3 Rxg4 31. Rxg4 Bxg4 32. Nc5+ Nxc5 33. Bxc5
g5 34. hxg5 fxg5 35. Bd6 Bf3 36. Bxe5 Kc6 37. Bg7 h5 38. Bf6 g4 39. Kb2 Kd5 40.
c4+ Kc5 41. Kc3 Be2 42. b4+ Kc6 43. a4 Bf1 44. b5+ axb5 45. axb5+ Kc5 46. Be7+
Kb6 47. Kb4 1-0